000 00628nam a2200241Ia 4500
003 OSt
005 20220918182240.0
006 a|||||r|||| 00| 0
007 ta
008 220917b |||||||| |||| 00| 0 eng d
024 _a31,432
037 _cTextual
040 _aARTS
_cARTS
_beng
041 _2eng
_aeng
082 _aO111,3M84:g, M6
100 _aB K J
_959908
245 0 _aIvy compton Burnett and her art
260 _aDelhi
_bMittal India
_c1986
300 _axviii, 177p.
_ccm.
650 _aENGLISH LITERATURE
942 _hO111,3M84:g, M6
_cTEXL
_2CC
999 _c168284
_d168284